<?xml version="1.0" encoding="UTF-8"?>
<record
    xmlns:xsi="http://www.w3.org/2001/XMLSchema-instance"
    xsi:schemaLocation="http://www.loc.gov/MARC21/slim http://www.loc.gov/standards/marcxml/schema/MARC21slim.xsd"
    xmlns="http://www.loc.gov/MARC21/slim">

  <leader>01380nam a22001697a 4500</leader>
  <controlfield tag="008">151030b        xxu||||| |||| 00| 0 eng d</controlfield>
  <datafield tag="020" ind1=" " ind2=" ">
    <subfield code="a">0072932678</subfield>
  </datafield>
  <datafield tag="050" ind1=" " ind2=" ">
    <subfield code="a">REF.</subfield>
  </datafield>
  <datafield tag="100" ind1=" " ind2=" ">
    <subfield code="a">Wardlaw, Gordon M.</subfield>
  </datafield>
  <datafield tag="245" ind1=" " ind2=" ">
    <subfield code="a">Nutrition fundamentals: selected chapters from contemporary nutrition issues and insigents. /</subfield>
    <subfield code="c">Gordon M. Wardlaw</subfield>
  </datafield>
  <datafield tag="250" ind1=" " ind2=" ">
    <subfield code="a">5th ed.</subfield>
  </datafield>
  <datafield tag="260" ind1=" " ind2=" ">
    <subfield code="a">New York:</subfield>
    <subfield code="b">Custom publishing,</subfield>
    <subfield code="c">c2003.</subfield>
  </datafield>
  <datafield tag="300" ind1=" " ind2=" ">
    <subfield code="a">414p+various pagings</subfield>
    <subfield code="c">27cm.</subfield>
  </datafield>
  <datafield tag="500" ind1=" " ind2=" ">
    <subfield code="a">includes index</subfield>
  </datafield>
  <datafield tag="505" ind1=" " ind2=" ">
    <subfield code="a">Contents: Nutrition: a key to health: What you eat and why -- Tools for designing a healthy diet -- The Human body: a nutrition perspective -- The Energy-yielding nutrients and alcohol: Carbohydrates -- Lipids -- Proteins -- Alcohol -- Vitamins and minerals: Vitamins -- Water and minerals -- Energy: balance and imbalance: Energy balance and weight control -- Nutrition: fitness and sport -- Appendices: Dietary advice for Canadians -- The Exchange system: a helpful menu-planning tool -- Exchange system lists -- Dietary intake and energy expenditure assessment -- Important chemical structures in nutrition -- The 1983 Metropolitan life insurance company -- Height-weight table and determination of frame size -- Caffeine content of foods -- Sources of nutrition information -- English-metric conversions and metric units -- Answers to critical thinking questions.</subfield>
  </datafield>
  <datafield tag="942" ind1=" " ind2=" ">
    <subfield code="2">lcc</subfield>
    <subfield code="c">BK</subfield>
  </datafield>
  <datafield tag="999" ind1=" " ind2=" ">
    <subfield code="c">5826</subfield>
    <subfield code="d">13326</subfield>
  </datafield>
  <datafield tag="952" ind1=" " ind2=" ">
    <subfield code="0">0</subfield>
    <subfield code="1">0</subfield>
    <subfield code="2">lcc</subfield>
    <subfield code="4">0</subfield>
    <subfield code="7">0</subfield>
    <subfield code="a">WIUC-1</subfield>
    <subfield code="b">WIUC-1</subfield>
    <subfield code="c">NURS L.</subfield>
    <subfield code="d">2015-10-30</subfield>
    <subfield code="l">0</subfield>
    <subfield code="o">REF.</subfield>
    <subfield code="p">NURS/196/15</subfield>
    <subfield code="r">2015-10-30 00:00:00</subfield>
    <subfield code="w">2015-10-30</subfield>
    <subfield code="y">BK</subfield>
  </datafield>
</record>
